Impacto de la construcción turística : un índice sintético para la medición de vulnerabilidad social-ecológica costera

Sparad:
Bibliografiska uppgifter
Huvudupphovsman: Abarca Aguilar, Daniel Andrés, 1998-
Övriga upphovsmän: Castro Arce, Karina, 1978- Directora del TFG
Materialtyp: Bok
Språk:Spanish
Publicerad: [San José, Costa Rica] 2023
Ämnen:
Taggar: Lägg till en tagg
Inga taggar, Lägg till första taggen!

MARC

LEADER 00000nam a2200000Ia 4500
003 013846
005 20240502154521.0
008 140114s2023 cr a 000 ||spa d
040 |c cru CEDI  
100 |a Abarca Aguilar, Daniel Andrés, 1998-  |9 2987 
245 |a Impacto de la construcción turística : un índice sintético para la medición de vulnerabilidad social-ecológica costera 
260 |a [San José, Costa Rica]   |c 2023 
500 |a  Tesis (licenciatura en arquitectura)--Universidad de Costa Rica. Facultad de Ingeniería. Escuela de Arquitectura, 
501 |a Directora de Tesis de Graduación: Dra. Karina Castro Arce. 
650 |x ARQUITECTURA - ASPECTOS AMBIENTALES   |x ARQUITECTURA - ASPECTOS SOCIALES   |x ARQUITECTURA Y TURISMO  |x COSTAS - COSTA RICA 
700 |a  Castro Arce, Karina, 1978-  |d Directora del TFG   |9 2880 
942 |c TFG  |h TFG 8987  |i 013846  |6 TFG_8987_013846000000000 
999 |c 13026  |d 13026